[Event "18th CRO-chT"]
[Site "Sibenik CRO"]
[Date "2009.09.22"]
[Round "2.36"]
[White "Zivkovic, Vjekoslav"]
[Black "Franic, Milan"]
[Result "1/2-1/2"]
[WhiteElo "2413"]
[BlackElo "2404"]
[PlyCount "87"]
[EventDate "2009.09.21"]
[EventType "team"]
[EventRounds "9"]
[EventCountry "CRO"]

1. e4 e6 2. d4 d5 3. Nc3 Bb4 4. e5 c5 5. a3 Bxc3+ 6. bxc3 Qa5 7. Bd2 Qa4 8. Qb1
c4 9. Nh3 Nc6 10. Nf4 Bd7 11. Nh5 g6 12. Ng3 O-O-O 13. Be2 f6 14. exf6 Nxf6 15.
O-O Rde8 16. Bg5 Rhf8 17. Qd1 Qa5 18. Qd2 Ne7 19. Bf3 Nf5 20. Rfe1 Nd6 21. Bf4
Nde4 22. Bxe4 Nxe4 23. Rxe4 dxe4 24. Nxe4 Bc6 25. Nd6+ Kd7 26. Nxe8 Kxe8 27.
Re1 Kd7 28. Qe3 Qf5 29. Bg3 Bd5 30. Qc1 Bc6 31. Re5 Qf6 32. a4 Qe7 33. a5 Rf5
34. f3 Rxe5 35. Bxe5 Qh4 36. Bg3 Qf6 37. Qh6 Qf7 38. h3 Bd5 39. Kh2 Kc6 40. Qc1
Qe7 41. Qb2 b5 42. axb6 axb6 43. Qc1 g5 44. Qe3 1/2-1/2

[Event "18th CRO-chT"]
[Site "Sibenik CRO"]
[Date "2009.09.22"]
[Round "2.41"]
[White "Naiditsch, Arkadij"]
[Black "Grachev, Boris"]
[Result "1/2-1/2"]
[WhiteElo "2685"]
[BlackElo "2684"]
[PlyCount "115"]
[EventDate "2009.09.21"]
[EventType "team"]
[EventRounds "9"]
[EventCountry "CRO"]

1. e4 e6 2. d4 d5 3. Nc3 dxe4 4. Nxe4 Nd7 5. Nf3 Ngf6 6. Nxf6+ Nxf6 7. Be3 Nd5
8. Bd2 c5 9. Bb5+ Bd7 10. Bxd7+ Qxd7 11. c4 Nb6 12. Rc1 Rc8 13. dxc5 Bxc5 14.
b4 Be7 15. c5 Nd5 16. Ne5 Qc7 17. Qa4+ Kf8 18. Nd3 a6 19. c6 f6 20. cxb7 Qxb7
21. Rxc8+ Qxc8 22. O-O Qc4 23. Qa3 Kf7 24. Rc1 Qb5 25. Qb3 Rd8 26. a4 Qd7 27.
Be1 Rb8 28. h4 Qb7 29. Nc5 Qc6 30. Nd3 Qb7 31. Qd1 Nxb4 32. Bxb4 Bxb4 33. Nxb4
Qxb4 34. Rc7+ Kg8 35. Qd7 Qe1+ 36. Kh2 Qe5+ 37. g3 f5 38. Rc6 f4 39. Qxe6+ Qxe6
40. Rxe6 f3 41. Rxa6 Rb2 42. g4 Rxf2+ 43. Kg3 Rf1 44. Rb6 Ra1 45. Rb4 Ra3 46.
h5 h6 47. Rb8+ Kf7 48. Ra8 Ke7 49. a5 Kf6 50. Ra6+ Kf7 51. Kf2 Ke7 52. Ra7+ Kf6
53. Kg3 f2+ 54. Kxf2 Kg5 55. Rxg7+ Kh4 56. g5 Rxa5 57. gxh6 Ra8 58. h7 1/2-1/2

[Event "18th CRO-chT"]
[Site "Sibenik CRO"]
[Date "2009.09.22"]
[Round "2.42"]
[White "Cvitan, Ognjen"]
[Black "Pavasovic, Dusko"]
[Result "1-0"]
[WhiteElo "2516"]
[BlackElo "2602"]
[PlyCount "71"]
[EventDate "2009.09.21"]
[EventType "team"]
[EventRounds "9"]
[EventCountry "CRO"]

1. c4 e6 2. d4 d5 3. Nf3 Nf6 4. e3 a6 5. b3 c5 6. Bd3 Nc6 7. Bb2 cxd4 8. exd4
b6 9. O-O Be7 10. Nc3 Nb4 11. Bb1 O-O 12. Re1 g6 13. a3 Nc6 14. Ba2 Bb7 15.
cxd5 Nxd5 16. Nxd5 exd5 17. b4 Qd6 18. Bc1 Bc8 19. Bh6 Rd8 20. Rc1 Be6 21. Qd2
Rac8 22. h4 a5 23. b5 Na7 24. a4 Qa3 25. h5 Rxc1 26. Rxc1 Rc8 27. Rxc8+ Nxc8
28. Qc2 Qd6 29. Ne5 Bf5 30. Qc1 f6 31. Nc6 Bf8 32. Bxf8 Kxf8 33. g4 Be4 34.
Qh6+ Kg8 35. Qe3 gxh5 36. Qxe4 1-0

[Event "18th CRO-chT"]
[Site "Sibenik CRO"]
[Date "2009.09.22"]
[Round "2.43"]
[White "Saric, Ivan"]
[Black "Cebalo, Miso"]
[Result "1/2-1/2"]
[WhiteElo "2573"]
[BlackElo "2500"]
[PlyCount "175"]
[EventDate "2009.09.21"]
[EventType "team"]
[EventRounds "9"]
[EventCountry "CRO"]

1. e4 c5 2. Nf3 d6 3. d4 cxd4 4. Nxd4 Nf6 5. Nc3 e6 6. g4 h6 7. h3 Nc6 8. Bg2
Be7 9. Be3 a6 10. f4 Qc7 11. Qe2 Nxd4 12. Bxd4 e5 13. Be3 Be6 14. f5 Bc4 15.
Qd2 Rc8 16. Rc1 Qa5 17. a4 Qb4 18. Nd1 d5 19. exd5 Bxd5 20. Bxd5 Nxd5 21. Qxb4
Bxb4+ 22. c3 Bc5 23. Bd2 f6 24. b4 Be7 25. Rg1 Kf7 26. Rg3 h5 27. Nf2 hxg4 28.
hxg4 Rc4 29. Rd3 Rd8 30. Rh3 b6 31. Ke2 a5 32. bxa5 bxa5 33. Ra1 Nb6 34. Rd3
Rdc8 35. Rb1 Nxa4 36. Rd7 R8c7 37. Rxc7 Rxc7 38. Ne4 Nc5 39. Nxc5 Bxc5 40. Ra1
Bb6 41. Ra4 Ke7 42. c4 Kd7 43. c5 Rxc5 44. Be3 Rc2+ 45. Kd3 Rc6 46. Bxb6 Rxb6
47. Rxa5 Ke7 48. Ke3 Rb4 49. Kf3 Kf7 50. Ra8 Rb7 51. g5 fxg5 52. Ke4 g6 53. Ra5
Kg7 54. Rxe5 Rb4+ 55. Ke3 Kf6 56. Re6+ Kxf5 57. Ra6 Rf4 58. Ra1 Kf6 59. Rb1 Rf5
60. Rg1 Kg7 61. Rh1 Rf4 62. Rg1 Kh6 63. Rh1+ Rh4 64. Rb1 Rf4 65. Rh1+ Kg7 66.
Rg1 Rf5 67. Ra1 g4 68. Rg1 g5 69. Rxg4 Kg6 70. Rg1 Kh5 71. Ke4 Rf4+ 72. Ke3 Kh4
73. Rh1+ Kg4 74. Rg1+ Kf5 75. Ra1 Kg6 76. Rg1 Rf5 77. Ke4 Rf2 78. Ke3 Rf4 79.
Rh1 Kf5 80. Ra1 Kg4 81. Rg1+ Kh5 82. Rh1+ Rh4 83. Rg1 Rh3+ 84. Kf2 Kh4 85. Rb1
Ra3 86. Kg2 Ra2+ 87. Kg1 g4 88. Rb3 1/2-1/2

[Event "18th CRO-chT"]
[Site "Sibenik CRO"]
[Date "2009.09.22"]
[Round "2.45"]
[White "Saric, Ante"]
[Black "Golubovic, Boris"]
[Result "1/2-1/2"]
[WhiteElo "2487"]
[BlackElo "2381"]
[PlyCount "94"]
[EventDate "2009.09.21"]
[EventType "team"]
[EventRounds "9"]
[EventCountry "CRO"]

1. Nf3 d5 2. d4 Nf6 3. c4 c6 4. e3 Bg4 5. h3 Bh5 6. cxd5 Bxf3 7. Qxf3 cxd5 8.
Nc3 Nc6 9. Bd3 a6 10. O-O e6 11. Rd1 Be7 12. Bd2 O-O 13. Rac1 Rc8 14. Qe2 Qd7
15. Be1 Rfd8 16. f4 g6 17. g4 Ne8 18. Kg2 Nd6 19. Bf2 b5 20. h4 f5 21. h5 Bf6
22. Rh1 Bg7 23. hxg6 hxg6 24. gxf5 Nxf5 25. Bxf5 exf5 26. Bh4 Re8 27. Qf3 Qf7
28. Nxd5 Re4 29. Rc5 Rce8 30. Bf2 Nd8 31. Qh3 Ne6 32. Rc6 Qd7 33. Qh7+ Kf7 34.
Nb4 Rh8 35. Qxh8 Bxh8 36. Rxh8 a5 37. d5 Nf8 38. Bh4 Rxb4 39. Rf6+ Kg7 40.
Rfxf8 Qxd5+ 41. Kg3 g5 42. Bxg5 Re4 43. Bh6+ Kg6 44. Rfg8+ Kf6 45. Rf8+ Kg6 46.
Rfg8+ Kf6 47. Rf8+ Kg6 1/2-1/2

[Event "18th CRO-chT"]
[Site "Sibenik CRO"]
[Date "2009.09.22"]
[Round "2.54"]
[White "Kovacevic, Vlatko"]
[Black "Sermek, Drazen"]
[Result "1-0"]
[WhiteElo "2505"]
[BlackElo "2530"]
[PlyCount "95"]
[EventDate "2009.09.21"]
[EventType "team"]
[EventRounds "9"]
[EventCountry "CRO"]

1. d4 c5 2. e3 cxd4 3. exd4 d5 4. Nf3 Nf6 5. Nbd2 Nc6 6. Bb5 Qb6 7. c4 dxc4 8.
Qa4 a6 9. Bxc6+ bxc6 10. O-O Be6 11. Ne5 Qb5 12. Qc2 Bd5 13. Ndxc4 e6 14. Be3
Rc8 15. Rfc1 Be7 16. a4 Qb7 17. a5 O-O 18. Nb6 Rc7 19. f3 Bd6 20. Qc3 h6 21. b4
Rb8 22. Rcb1 Re7 23. Rb2 Bc7 24. Na4 Bd6 25. Rab1 Qb5 26. Nc5 Bxe5 27. dxe5 Nd7
28. Rc1 Nxc5 29. Bxc5 Rd7 30. Bd6 Rbd8 31. Qc5 Qd3 32. Rbc2 f5 33. Rc3 Qe2 34.
Qf2 Qb5 35. Qb6 Qe2 36. h4 Kf7 37. h5 Rc8 38. Qf2 Qb5 39. Qg3 Qe2 40. R1c2 Qd1+
41. Kh2 Qd4 42. Bc5 Qd1 43. Be3 Qb1 44. Qg6+ Kf8 45. Rd2 Rf7 46. Qh7 Rfc7 47.
Bc5+ Kf7 48. f4 1-0

[Event "18th CRO-chT"]
[Site "Sibenik CRO"]
[Date "2009.09.23"]
[Round "3.14"]
[White "Jankovic, Alojzije"]
[Black "Kovacevic, Vlatko"]
[Result "1-0"]
[WhiteElo "2548"]
[BlackElo "2505"]
[PlyCount "45"]
[EventDate "2009.09.21"]
[EventType "team"]
[EventRounds "9"]
[EventCountry "CRO"]

1. d4 d5 2. c4 c6 3. Nf3 Nf6 4. Nc3 e6 5. Bg5 h6 6. Bh4 dxc4 7. e4 g5 8. Bg3 b5
9. Be2 Bb7 10. Ne5 Nbd7 11. Nxd7 Nxd7 12. O-O h5 13. Bxh5 b4 14. Na4 Ba6 15. f4
Rxh5 16. Qxh5 Nf6 17. Qh8 Nxe4 18. Nc5 Nxg3 19. hxg3 Bb5 20. fxg5 Qxg5 21. Nxe6
Qe7 22. Nc7+ Qxc7 23. Rae1+ 1-0

[Event "18th CRO-chT"]
[Site "Sibenik CRO"]
[Date "2009.09.23"]
[Round "3.16"]
[White "Bukal, Vladimir Jr"]
[Black "Rade, Miroslav"]
[Result "1/2-1/2"]
[WhiteElo "2394"]
[BlackElo "2433"]
[PlyCount "105"]
[EventDate "2009.09.21"]
[EventType "team"]
[EventRounds "9"]
[EventCountry "CRO"]

1. d4 Nf6 2. c4 g6 3. g3 Bg7 4. Bg2 d5 5. cxd5 Nxd5 6. e4 Nb6 7. Ne2 c5 8. d5
e6 9. O-O O-O 10. Nec3 Na6 11. Na3 exd5 12. exd5 Bf5 13. Be3 Qd7 14. Qd2 Rfe8
15. Rfd1 Rac8 16. Bf1 Bh3 17. Be2 Nb4 18. Nc4 Nxc4 19. Bxc4 Qg4 20. Be2 Qf5 21.
Rac1 Bd4 22. Nb5 Qxd5 23. Bf1 Bxf1 24. Rxf1 Bxe3 25. Qxd5 Nxd5 26. fxe3 Nxe3
27. Rfe1 Nf5 28. Rxe8+ Rxe8 29. Rxc5 Re2 30. g4 Nh4 31. Nd6 Rg2+ 32. Kf1 Rxg4
33. Rc7 Rd4 34. Nxb7 Rd2 35. Nc5 a5 36. Ra7 Rxh2 37. Rxa5 Rxb2 38. a4 Ra2 39.
Ra8+ Kg7 40. a5 g5 41. Ne4 Nf3 42. Ng3 Nd2+ 43. Kg1 Nc4 44. a6 Nb6 45. Rd8 Rxa6
46. Rd6 h6 47. Nf5+ Kh7 48. Rxh6+ Kg8 49. Ne7+ Kf8 50. Nf5 Kg8 51. Ne7+ Kf8 52.
Nf5 Ke8 53. Nd6+ 1/2-1/2

[Event "18th CRO-chT"]
[Site "Sibenik CRO"]
[Date "2009.09.23"]
[Round "3.22"]
[White "Hracek, Zbynek"]
[Black "Predojevic, Borki"]
[Result "1/2-1/2"]
[WhiteElo "2606"]
[BlackElo "2654"]
[PlyCount "33"]
[EventDate "2009.09.21"]
[EventType "team"]
[EventRounds "9"]
[EventCountry "CRO"]

1. c4 b6 2. Nc3 e6 3. Nf3 Bb7 4. g3 Bb4 5. Bg2 f5 6. Qb3 a5 7. a3 Bxc3 8. Qxc3
Nf6 9. b4 O-O 10. Bb2 d6 11. O-O Nbd7 12. Ng5 Bxg2 13. Nxe6 Qe7 14. Nxf8 Bxf1
15. Nxd7 Bxe2 16. Nxf6+ Qxf6 17. Re1 1/2-1/2

[Event "18th CRO-chT"]
[Site "Sibenik CRO"]
[Date "2009.09.23"]
[Round "3.24"]
[White "Sermek, Drazen"]
[Black "Cebalo, Miso"]
[Result "1-0"]
[WhiteElo "2530"]
[BlackElo "2500"]
[PlyCount "107"]
[EventDate "2009.09.21"]
[EventType "team"]
[EventRounds "9"]
[EventCountry "CRO"]

1. e4 c5 2. c3 d5 3. exd5 Qxd5 4. d4 Nc6 5. Be3 cxd4 6. cxd4 e5 7. Nc3 Bb4 8.
Nf3 Bg4 9. dxe5 Bxf3 10. Qxf3 Bxc3+ 11. bxc3 Qxe5 12. Rc1 Nf6 13. Bc4 O-O 14.
O-O Rad8 15. Bb3 Rd3 16. Bd4 Rxd4 17. cxd4 Nxd4 18. Qxb7 Ne2+ 19. Kh1 Nxc1 20.
Rxc1 h5 21. Qxa7 Ng4 22. g3 Qf5 23. Qc5 Qf3+ 24. Kg1 Rd8 25. h3 Nf6 26. Qe3
Qxe3 27. fxe3 Ne4 28. Rc7 Rd2 29. Bxf7+ Kh7 30. Rc6 Nf6 31. Bb3 Re2 32. Bc2+
Kg8 33. Bg6 Kf8 34. e4 Ke7 35. Rc7+ Kd6 36. Rxg7 Rxa2 37. Rf7 Ke5 38. Re7+ Kd6
39. Rb7 h4 40. gxh4 Ra4 41. Rb6+ Ke7 42. Bf5 Nxe4 43. h5 Ng5 44. h6 Rh4 45. Kg2
Nf7 46. h7 Rh5 47. Bd3 Rd5 48. Bc4 Rd2+ 49. Kg3 Nh8 50. Rb8 Rd8 51. Rxd8 Kxd8
52. Kg4 Ke7 53. Kg5 Kf8 54. Kh6 1-0

[Event "18th CRO-chT"]
[Site "Sibenik CRO"]
[Date "2009.09.23"]
[Round "3.25"]
[White "Golubovic, Boris"]
[Black "Leventic, Ivan"]
[Result "1/2-1/2"]
[WhiteElo "2381"]
[BlackElo "2495"]
[PlyCount "36"]
[EventDate "2009.09.21"]
[EventType "team"]
[EventRounds "9"]
[EventCountry "CRO"]

1. c4 c5 2. Nc3 Nc6 3. g3 g6 4. Bg2 Bg7 5. a3 a5 6. Nf3 e5 7. O-O d6 8. Rb1
Nge7 9. d3 O-O 10. Bd2 Rb8 11. Ne1 Be6 12. Nc2 d5 13. cxd5 Nxd5 14. Nxd5 Bxd5
15. b4 Bxg2 16. Kxg2 axb4 17. axb4 cxb4 18. Nxb4 Nd4 1/2-1/2

[Event "18th CRO-chT"]
[Site "Sibenik CRO"]
[Date "2009.09.23"]
[Round "3.32"]
[White "Pavasovic, Dusko"]
[Black "Ruck, Robert"]
[Result "1/2-1/2"]
[WhiteElo "2602"]
[BlackElo "2548"]
[PlyCount "45"]
[EventDate "2009.09.21"]
[EventType "team"]
[EventRounds "9"]
[EventCountry "CRO"]

1. e4 c6 2. d4 d5 3. exd5 cxd5 4. c4 Nf6 5. Nc3 Nc6 6. Bg5 e6 7. c5 Be7 8. Bb5
O-O 9. Nf3 Ne4 10. Bxe7 Nxe7 11. Rc1 b6 12. c6 Qd6 13. O-O a6 14. Bd3 Nxc6 15.
Nxe4 dxe4 16. Bxe4 Bb7 17. Ne5 Rac8 18. Qd3 Rfd8 19. Bxc6 Bxc6 20. Qxa6 Qd5 21.
Nxc6 Rxc6 22. Rc3 Rcd6 23. Rd1 1/2-1/2

[Event "18th CRO-chT"]
[Site "Sibenik CRO"]
[Date "2009.09.23"]
[Round "3.34"]
[White "Jovanic, Ognjen"]
[Black "Rogic, Davor"]
[Result "1-0"]
[WhiteElo "2543"]
[BlackElo "2542"]
[PlyCount "89"]
[EventDate "2009.09.21"]
[EventType "team"]
[EventRounds "9"]
[EventCountry "CRO"]

1. d4 d5 2. c4 c6 3. Nf3 Nf6 4. e3 e6 5. b3 Nbd7 6. Bb2 Bd6 7. Bd3 Qe7 8. Ne5
Bb4+ 9. Nd2 dxc4 10. bxc4 O-O 11. O-O Rd8 12. f4 Nf8 13. Ndf3 Bd7 14. Rb1 Be8
15. c5 b5 16. e4 Rac8 17. Qe2 Ba5 18. Kh1 N6d7 19. Bc2 a6 20. Rbd1 f6 21. Ng4
Ng6 22. g3 Bf7 23. Ne3 Bc7 24. e5 Kh8 25. Nd2 f5 26. g4 fxg4 27. Qxg4 Nxc5 28.
dxc5 Qxc5 29. Rf3 Qb4 30. Bc1 Rd4 31. a3 Qc3 32. Qh5 Kg8 33. Rh3 Nxf4 34. Qxh7+
Kf8 35. Qh8+ Ke7 36. Nf5+ exf5 37. Qh4+ Ke8 38. Rxc3 Rcd8 39. Bb3 R8d5 40. Re3
Nd3 41. Qh8+ Ke7 42. Rxd3 Rxd3 43. Qh4+ Kf8 44. Re1 Bxe5 45. Qh8+ 1-0

[Event "18th CRO-chT"]
[Site "Sibenik CRO"]
[Date "2009.09.23"]
[Round "3.35"]
[White "Kovacevic, Blazimir"]
[Black "Saric, Ante"]
[Result "1/2-1/2"]
[WhiteElo "2425"]
[BlackElo "2487"]
[PlyCount "29"]
[EventDate "2009.09.21"]
[EventType "team"]
[EventRounds "9"]
[EventCountry "CRO"]

1. c4 Nf6 2. Nc3 c5 3. g3 e6 4. Nf3 b6 5. Bg2 Bb7 6. O-O Be7 7. d4 cxd4 8. Qxd4
d6 9. Rd1 a6 10. b3 Nbd7 11. e4 Qc7 12. Ba3 Nc5 13. e5 dxe5 14. Qxe5 Rc8 15.
Qxc7 1/2-1/2

[Event "18th CRO-chT"]
[Site "Sibenik CRO"]
[Date "2009.09.23"]
[Round "3.41"]
[White "Tiviakov, Sergei"]
[Black "Zufic, Miroslav"]
[Result "1-0"]
[WhiteElo "2670"]
[BlackElo "2461"]
[PlyCount "69"]
[EventDate "2009.09.21"]
[EventType "team"]
[EventRounds "9"]
[EventCountry "CRO"]

1. e4 c5 2. Nc3 a6 3. f4 b5 4. Nf3 Bb7 5. d4 cxd4 6. Qxd4 e6 7. Bd3 Nc6 8. Qf2
Nb4 9. Be3 Qc7 10. O-O Nf6 11. h3 Rc8 12. a3 Nxd3 13. cxd3 Be7 14. Rac1 Qb8 15.
f5 exf5 16. Nd4 g6 17. Bf4 Qa7 18. exf5 O-O 19. Be3 Qb8 20. Bh6 Bd6 21. Nce2
Be5 22. Bxf8 Rxf8 23. b4 Nh5 24. Nf3 Bd6 25. Ng5 Bh2+ 26. Kh1 Bg3 27. Qe3 Re8
28. Ne4 Be5 29. Qf3 Re7 30. Qg4 Kg7 31. f6+ Nxf6 32. Nxf6 Bxf6 33. Rxf6 Kxf6
34. Qh4+ g5 35. Qh6+ 1-0

[Event "18th CRO-chT"]
[Site "Sibenik CRO"]
[Date "2009.09.23"]
[Round "3.42"]
[White "Abasov, Nijat Azad Oglu"]
[Black "Palac, Mladen"]
[Result "1/2-1/2"]
[WhiteElo "2525"]
[BlackElo "2576"]
[PlyCount "34"]
[EventDate "2009.09.21"]
[EventType "team"]
[EventRounds "9"]
[EventCountry "CRO"]

1. c4 Nf6 2. Nc3 e5 3. g3 d5 4. cxd5 Nxd5 5. Bg2 Nb6 6. Nf3 Nc6 7. O-O Be7 8.
d3 O-O 9. Be3 Re8 10. Rc1 Bf8 11. Ne4 Nd4 12. Nc5 Bxc5 13. Rxc5 Bg4 14. Bxd4
exd4 15. Qd2 Qd6 16. Rfc1 c6 17. h3 Bxf3 1/2-1/2

[Event "18th CRO-chT"]
[Site "Sibenik CRO"]
[Date "2009.09.23"]
[Round "3.46"]
[White "Novak, Danijel"]
[Black "Zaja, Ivan"]
[Result "1/2-1/2"]
[WhiteElo "2372"]
[BlackElo "2449"]
[PlyCount "34"]
[EventDate "2009.09.21"]
[EventType "team"]
[EventRounds "9"]
[EventCountry "CRO"]

1. e4 e6 2. d4 d5 3. e5 c5 4. c3 Nc6 5. Nf3 Bd7 6. a3 f6 7. Bd3 fxe5 8. dxe5
Qc7 9. O-O Nxe5 10. Nxe5 Qxe5 11. Re1 Qf6 12. Qh5+ Qf7 13. Qxd5 O-O-O 14. Qc4
Bc6 15. Be4 Bd5 16. Qe2 Nf6 17. Bf3 c4 1/2-1/2

[Event "18th CRO-chT"]
[Site "Sibenik CRO"]
[Date "2009.09.23"]
[Round "3.51"]
[White "Balogh, Csaba"]
[Black "Fedorchuk, Sergey A"]
[Result "1/2-1/2"]
[WhiteElo "2620"]
[BlackElo "2643"]
[PlyCount "33"]
[EventDate "2009.09.21"]
[EventType "team"]
[EventRounds "9"]
[EventCountry "CRO"]

1. e4 e5 2. Nf3 Nc6 3. Bb5 a6 4. Bxc6 dxc6 5. O-O f6 6. d4 exd4 7. Nxd4 c5 8.
Ne2 Qxd1 9. Rxd1 Bd7 10. Nbc3 O-O-O 11. Be3 Re8 12. Rd2 b6 13. Rad1 Bc6 14. f3
Ne7 15. Kf2 Ng6 16. Nd5 Ne5 17. b3 1/2-1/2

[Event "18th CRO-chT"]
[Site "Sibenik CRO"]
[Date "2009.09.23"]
[Round "3.52"]
[White "Khenkin, Igor"]
[Black "Gyimesi, Zoltan"]
[Result "1/2-1/2"]
[WhiteElo "2613"]
[BlackElo "2594"]
[PlyCount "23"]
[EventDate "2009.09.21"]
[EventType "team"]
[EventRounds "9"]
[EventCountry "CRO"]

1. d4 Nf6 2. c4 c5 3. d5 e5 4. Nc3 d6 5. e4 Be7 6. Nf3 Nbd7 7. Bd3 Nf8 8. h3
Ng6 9. Ne2 h5 10. O-O Bd7 11. Ng3 h4 12. Nf5 1/2-1/2

[Event "18th CRO-chT"]
[Site "Sibenik CRO"]
[Date "2009.09.23"]
[Round "3.53"]
[White "Sale, Srdjan"]
[Black "Feletar, Darko"]
[Result "0-1"]
[WhiteElo "2402"]
[BlackElo "2377"]
[PlyCount "62"]
[EventDate "2009.09.21"]
[EventType "team"]
[EventRounds "9"]
[EventCountry "CRO"]

1. Nf3 Nf6 2. g3 c5 3. Bg2 Nc6 4. O-O g6 5. d3 Bg7 6. e4 O-O 7. Nbd2 d6 8. a4
Rb8 9. Nc4 Bg4 10. h3 Bxf3 11. Bxf3 a6 12. Bg2 b5 13. axb5 axb5 14. Ne3 Nd7 15.
e5 Rc8 16. exd6 exd6 17. c3 Ne7 18. Re1 b4 19. cxb4 cxb4 20. Ra4 Ne5 21. Qb3
N7c6 22. Nc2 Na5 23. Qd5 Rc5 24. Qe4 Rxc2 25. d4 Rc4 26. Be3 b3 27. Ra3 Rb4 28.
Qd5 Nec4 29. Raa1 Nxe3 30. fxe3 Nc4 31. Ra7 Nxe3 0-1

[Event "18th CRO-chT"]
[Site "Sibenik CRO"]
[Date "2009.09.23"]
[Round "3.54"]
[White "Klaric, Zlatko"]
[Black "Ljubicic, Filip"]
[Result "1-0"]
[WhiteElo "2405"]
[BlackElo "2374"]
[PlyCount "131"]
[EventDate "2009.09.21"]
[EventType "team"]
[EventRounds "9"]
[EventCountry "CRO"]

1. d4 d5 2. Nf3 Nf6 3. Bf4 e6 4. e3 Be7 5. Nbd2 Nbd7 6. Bd3 Nh5 7. Ne5 Nxf4 8.
exf4 c5 9. dxc5 Nxe5 10. fxe5 Qc7 11. Bb5+ Kf8 12. Qe2 Qxc5 13. O-O-O a6 14.
Bd3 Bd7 15. f4 g6 16. g4 Rc8 17. f5 Bg5 18. Kb1 Bf4 19. Rde1 Ke8 20. Nb3 Qb6
21. Rhf1 g5 22. h4 h6 23. Rf3 a5 24. fxe6 fxe6 25. Bg6+ Kd8 26. Nc1 Rg8 27. h5
a4 28. a3 Rf8 29. Na2 Bb5 30. Bd3 Bc4 31. Nb4 Qd4 32. Bxc4 Rxc4 33. Rd3 Qc5 34.
Qd1 Kc8 35. c3 Re4 36. Rxe4 dxe4 37. Rd4 e3 38. Qe2 Qxe5 39. Qc4+ Kb8 40. Nc6+
bxc6 41. Qb4+ Kc7 42. Qe7+ Kb6 43. Rb4+ Qb5 44. c4 e2 45. Rxb5+ cxb5 46. Qxe6+
Kc5 47. Qxe2 bxc4 48. Qc2 Be5 49. Qxa4 Rb8 50. Qa7+ Kd5 51. Qa5+ Ke4 52. Qe1+
Kf4 53. Qf1+ Kxg4 54. Qxc4+ Kf5 55. Qf7+ Ke4 56. Qg6+ Kf4 57. b4 g4 58. Qxh6+
Kf3 59. Qc6+ Kf4 60. Kc2 g3 61. Kd3 Rd8+ 62. Ke2 Kf5 63. Qg6+ Kf4 64. h6 Rd6
65. Qh5 Rf6 66. h7 1-0

[Event "18th CRO-chT"]
[Site "Sibenik CRO"]
[Date "2009.09.23"]
[Round "3.55"]
[White "Plenkovic, Zdenko"]
[Black "Muse, Drazen"]
[Result "1/2-1/2"]
[WhiteElo "2370"]
[BlackElo "2367"]
[PlyCount "69"]
[EventDate "2009.09.21"]
[EventType "team"]
[EventRounds "9"]
[EventCountry "CRO"]

1. e4 c6 2. d4 d5 3. Nc3 dxe4 4. Nxe4 Bf5 5. Qf3 e6 6. Ne2 Nf6 7. Nxf6+ gxf6 8.
c3 Qd5 9. Qxd5 cxd5 10. Nf4 Nd7 11. Be2 Bd6 12. g4 Bc2 13. Be3 Ke7 14. Kd2 Ba4
15. h4 Bc6 16. Nh5 b5 17. g5 f5 18. Bf4 Bxf4+ 19. Nxf4 a5 20. Nd3 Rab8 21. a3
Kd6 22. f4 Nb6 23. Ne5 Rb7 24. Rh2 Rc8 25. Ke3 Be8 26. Bd3 Nc4+ 27. Bxc4 bxc4
28. Rd1 Rcb8 29. Rdd2 Ba4 30. Rhg2 Rg8 31. Nf3 Bb3 32. Nh2 Ba2 33. Nf3 Bb3 34.
Ne5 Ba4 35. Kf3 1/2-1/2

[Event "18th CRO-chT"]
[Site "Sibenik CRO"]
[Date "2009.09.23"]
[Round "3.56"]
[White "Kutuzovic, Branko"]
[Black "Bilobrk, Franjo"]
[Result "1/2-1/2"]
[WhiteElo "2321"]
[BlackElo "2361"]
[PlyCount "48"]
[EventDate "2009.09.21"]
[EventType "team"]
[EventRounds "9"]
[EventCountry "CRO"]

1. e4 e5 2. Nf3 Nf6 3. Nxe5 d6 4. Nf3 Nxe4 5. Nc3 Nxc3 6. dxc3 Be7 7. Bf4 O-O
8. Qd2 Nd7 9. O-O-O Nc5 10. Nd4 Re8 11. f3 Ne6 12. Be3 Bg5 13. f4 Nxd4 14. fxg5
Nc6 15. h4 Bg4 16. Re1 Qd7 17. Bb5 Re5 18. Bxc6 Qxc6 19. Bf4 Rxe1+ 20. Rxe1 Re8
21. Rxe8+ Qxe8 22. b3 Qe4 23. Qe3 Bf5 24. Qxe4 Bxe4 1/2-1/2

[Event "18th CRO-chT"]
[Site "Sibenik CRO"]
[Date "2009.09.24"]
[Round "4.11"]
[White "Eljanov, Pavel"]
[Black "Fedorchuk, Sergey A"]
[Result "1-0"]
[WhiteElo "2717"]
[BlackElo "2643"]
[PlyCount "103"]
[EventDate "2009.09.21"]
[EventType "team"]
[EventRounds "9"]
[EventCountry "CRO"]

1. d4 Nf6 2. c4 e6 3. g3 d5 4. Bg2 dxc4 5. Nf3 Bb4+ 6. Bd2 c5 7. Qc1 Bxd2+ 8.
Nbxd2 cxd4 9. Nxc4 O-O 10. O-O Nc6 11. Rd1 Qe7 12. Nxd4 Nxd4 13. Rxd4 e5 14.
Rd1 h6 15. Qe3 Ng4 16. Qa3 Qxa3 17. Nxa3 Be6 18. b3 Rab8 19. Nb5 Rfc8 20. Rac1
Rxc1 21. Rxc1 Kf8 22. Rc7 Rd8 23. Bxb7 Rd1+ 24. Kg2 f5 25. Nc3 Rc1 26. Bc8 Bxc8
27. Rxc8+ Kf7 28. Nb5 Rxc8 29. Nd6+ Ke6 30. Nxc8 a6 31. Nb6 Nf6 32. f3 g5 33.
Kf2 h5 34. Na4 Kd5 35. e3 g4 36. a3 Kd6 37. Nc3 gxf3 38. Kxf3 Ke6 39. e4 a5 40.
h3 Nd7 41. exf5+ Kxf5 42. Ne4 Ke6 43. g4 hxg4+ 44. Kxg4 Nb8 45. h4 Nc6 46. h5
Nd4 47. b4 axb4 48. axb4 Kf7 49. Nd6+ Ke6 50. h6 Kf6 51. h7 Kg7 52. Nf5+ 1-0

[Event "18th CRO-chT"]
[Site "Sibenik CRO"]
[Date "2009.09.24"]
[Round "4.13"]
[White "Kozul, Zdenko"]
[Black "Feletar, Darko"]
[Result "1-0"]
[WhiteElo "2588"]
[BlackElo "2377"]
[PlyCount "71"]
[EventDate "2009.09.21"]
[EventType "team"]
[EventRounds "9"]
[EventCountry "CRO"]

1. d4 Nf6 2. c4 c5 3. d5 g6 4. Nc3 d6 5. e4 Bg7 6. Bd3 O-O 7. Bg5 e6 8. Qd2
exd5 9. cxd5 a6 10. a4 Nbd7 11. Nf3 Qc7 12. h3 Rb8 13. O-O c4 14. Bc2 b5 15.
axb5 axb5 16. Bh6 Re8 17. Bxg7 Kxg7 18. Rfe1 b4 19. Nd1 Rb6 20. Rc1 Ba6 21. Bd3
Nc5 22. Bxc4 Ncxe4 23. Qf4 Bxc4 24. Ne3 Qd7 25. Rxc4 Rbb8 26. Ng4 Nxg4 27.
Rexe4 Rxe4 28. Rxe4 Nf6 29. Rxb4 Rxb4 30. Qxb4 Nxd5 31. Qd4+ Nf6 32. b4 Qc6 33.
Qb2 h6 34. Nh2 d5 35. Ng4 h5 36. b5 1-0

[Event "18th CRO-chT"]
[Site "Sibenik CRO"]
[Date "2009.09.24"]
[Round "4.14"]
[White "Klaric, Zlatko"]
[Black "Jankovic, Alojzije"]
[Result "0-1"]
[WhiteElo "2405"]
[BlackElo "2548"]
[PlyCount "38"]
[EventDate "2009.09.21"]
[EventType "team"]
[EventRounds "9"]
[EventCountry "CRO"]

1. e4 c5 2. d3 Nc6 3. c3 d5 4. f4 e5 5. Qf3 dxe4 6. dxe4 exf4 7. Bxf4 Bd6 8.
Na3 Bxf4 9. Qxf4 Qf6 10. Qe3 Qh4+ 11. g3 Qe7 12. Bb5 Nf6 13. O-O-O O-O 14. Bxc6
bxc6 15. Re1 Ng4 16. Qe2 Ne5 17. Kb1 Rb8 18. h3 c4 19. Nf3 Nxf3 0-1

[Event "18th CRO-chT"]
[Site "Sibenik CRO"]
[Date "2009.09.24"]
[Round "4.16"]
[White "Kutuzovic, Branko"]
[Black "Bukal, Vladimir Jr"]
[Result "1/2-1/2"]
[WhiteElo "2321"]
[BlackElo "2394"]
[PlyCount "28"]
[EventDate "2009.09.21"]
[EventType "team"]
[EventRounds "9"]
[EventCountry "CRO"]

1. e4 e6 2. d4 d5 3. Nd2 Nf6 4. e5 Nfd7 5. Bd3 c5 6. c3 Nc6 7. Ne2 a5 8. Nf3
cxd4 9. cxd4 a4 10. a3 Nb6 11. Nc3 Bd7 12. Bc2 Be7 13. h4 h6 14. h5 Ra5 1/2-1/2

[Event "18th CRO-chT"]
[Site "Sibenik CRO"]
[Date "2009.09.24"]
[Round "4.22"]
[White "Gyimesi, Zoltan"]
[Black "Abasov, Nijat Azad Oglu"]
[Result "1/2-1/2"]
[WhiteElo "2594"]
[BlackElo "2525"]
[PlyCount "52"]
[EventDate "2009.09.21"]
[EventType "team"]
[EventRounds "9"]
[EventCountry "CRO"]

1. d4 Nf6 2. c4 e6 3. Nf3 b6 4. g3 Bb7 5. Bg2 Be7 6. O-O O-O 7. Re1 c5 8. d5
exd5 9. Nh4 Ne4 10. cxd5 Bxh4 11. Bxe4 Bf6 12. Qc2 h6 13. Na3 d6 14. Bf4 Qe7
15. Nc4 Rd8 16. Bg2 Ba6 17. Rab1 Bxc4 18. Qxc4 Nd7 19. Bd2 a6 20. a4 b5 21.
axb5 axb5 22. Qxb5 Rdb8 23. Qc4 Bxb2 24. Bh3 Bd4 25. Bxd7 Qxd7 26. Qd3 Qa4
1/2-1/2